<?xml version="1.0" encoding="UTF-8"?>
<collection xmlns:xsi="http://www.w3.org/2001/XMLSchema-instance" xsi:schemaLocation="http://www.loc.gov/MARC21/slim http://www.loc.gov/standards/marcxml/schema/MARC21slim.xsd" xmlns="http://www.loc.gov/MARC21/slim">
 <record>
  <leader>00000nam a2200000 i 4500</leader>
  <controlfield tag="001">UP-1685954869149626152</controlfield>
  <controlfield tag="003">Buklod</controlfield>
  <controlfield tag="005">20241009140020.0</controlfield>
  <controlfield tag="006">m    |o  d |      </controlfield>
  <controlfield tag="007">ta</controlfield>
  <controlfield tag="008">241009s2022    nyua   gr   b|001 0|eng d</controlfield>
  <datafield tag="020" ind1=" " ind2=" ">
   <subfield code="z">9780367673543</subfield>
   <subfield code="a">(paperback)</subfield>
  </datafield>
  <datafield tag="035" ind1=" " ind2=" ">
   <subfield code="a">22004068</subfield>
  </datafield>
  <datafield tag="040" ind1=" " ind2=" ">
   <subfield code="a">DLC</subfield>
   <subfield code="d">DEDUC</subfield>
   <subfield code="e">rda</subfield>
  </datafield>
  <datafield tag="041" ind1=" " ind2=" ">
   <subfield code="a">eng</subfield>
  </datafield>
  <datafield tag="042" ind1=" " ind2=" ">
   <subfield code="a">DMLUC</subfield>
  </datafield>
  <datafield tag="090" ind1=" " ind2=" ">
   <subfield code="a">LB 2822.82</subfield>
   <subfield code="b">Y68 2022</subfield>
  </datafield>
  <datafield tag="100" ind1="1" ind2=" ">
   <subfield code="a">Young, Michelle D.</subfield>
   <subfield code="e">author.</subfield>
  </datafield>
  <datafield tag="245" ind1="1" ind2="0">
   <subfield code="a">Redesigning educational leadership preparation for equity</subfield>
   <subfield code="b">strategies for innovation and improvement</subfield>
   <subfield code="c">Michelle D. Young, Ann O'Doherty, Kathleen M.W. Cunningham.</subfield>
  </datafield>
  <datafield tag="264" ind1=" " ind2="1">
   <subfield code="a">New York, NY</subfield>
   <subfield code="b">Routledge, Taylor &amp; Francis Group</subfield>
   <subfield code="c">2022.</subfield>
  </datafield>
  <datafield tag="300" ind1=" " ind2=" ">
   <subfield code="a">xv, 282 pages</subfield>
   <subfield code="b">illustrations</subfield>
  </datafield>
  <datafield tag="336" ind1=" " ind2=" ">
   <subfield code="a">text</subfield>
   <subfield code="2">rdacontent</subfield>
  </datafield>
  <datafield tag="337" ind1=" " ind2=" ">
   <subfield code="a">unmediated</subfield>
   <subfield code="2">rdamedia</subfield>
  </datafield>
  <datafield tag="338" ind1=" " ind2=" ">
   <subfield code="a">volume</subfield>
   <subfield code="2">rdacarrier</subfield>
  </datafield>
  <datafield tag="504" ind1=" " ind2=" ">
   <subfield code="a">Includes bibliographical references and index.</subfield>
  </datafield>
  <datafield tag="505" ind1="0" ind2=" ">
   <subfield code="a">Getting ready for program design -- Fostering partnerships and leadership pathways -- Beginning with the end in mind -- Designing and Implementing a strategic plan -- Mapping the curriculum -- Fostering powerful learning experiences -- Delivering learning experiences -- Shaping field experiences -- Building supportive program structures -- Assessing candidate learning -- Recruiting and selecting -- Evaluating the program -- Supporting faculty learning, and organizational change.</subfield>
  </datafield>
  <datafield tag="520" ind1=" " ind2=" ">
   <subfield code="a">&quot;Delivering equity for PK-12 learners is an essential aim for educational leadership preparation programs. This book serves as a resource for equity-focused design and redesign thorough innovation, improvement and impact. Based on direct experience while also drawing from innovative exemplars, and unpacking a decade of program improvement practice, this book explores how to foster partnerships and pipelines, recruit and select candidates, map the curriculum, develop powerful learning experiences, create field experiences, design program evaluation, and support faculty learning. Chapters open with a vignette that presents scenarios in which many faculty members find themselves, particularly when programs are in need of improvement. Drawing on years of experience facilitating redesign, the authors offer both processes and resources to assist faculty, including diagnostic tools, sample agendas, templates, guiding questions, and suggested protocols. Whether facing new accreditation requirements, state program approval changes, institutional redesign challenges or as part of a grant funded redesign, this book is a critical resource for educational leadership faculty and program coordinators looking to garner the appropriate resources, ask the right questions, and follow reliable processes in program design and continuous improvement toward equity&quot;--</subfield>
   <subfield code="c">Provided by publisher.</subfield>
  </datafield>
  <datafield tag="650" ind1=" " ind2="0">
   <subfield code="a">Educational equalization</subfield>
   <subfield code="z">United States.</subfield>
  </datafield>
  <datafield tag="650" ind1=" " ind2="0">
   <subfield code="a">Educational leadership</subfield>
   <subfield code="z">United States.</subfield>
  </datafield>
  <datafield tag="650" ind1=" " ind2="0">
   <subfield code="a">School improvement programs</subfield>
   <subfield code="z">United States.</subfield>
  </datafield>
  <datafield tag="700" ind1="1" ind2=" ">
   <subfield code="a">Cunningham, Kathleen M. W.</subfield>
   <subfield code="d">1982-</subfield>
   <subfield code="e">author.</subfield>
  </datafield>
  <datafield tag="700" ind1="1" ind2=" ">
   <subfield code="a">O'Doherty, Ann</subfield>
   <subfield code="d">1959-</subfield>
   <subfield code="e">author.</subfield>
  </datafield>
  <datafield tag="905" ind1=" " ind2=" ">
   <subfield code="a">FO</subfield>
  </datafield>
  <datafield tag="852" ind1="0" ind2=" ">
   <subfield code="a">UPD</subfield>
   <subfield code="b">DEDUC</subfield>
   <subfield code="h">LB 2822.82</subfield>
   <subfield code="i">Y68 2022</subfield>
  </datafield>
  <datafield tag="942" ind1=" " ind2=" ">
   <subfield code="a">Book</subfield>
  </datafield>
 </record>
</collection>
